How it all Started the History behind the Way our World Works Today / (Record no. 522843)

000 -LEADER
fixed length control field 00440nam a22001457a 4500
005 - DATE AND TIME OF LATEST TRANSACTION
control field 20190124093714.0
008 - FIXED-LENGTH DATA ELEMENTS--GENERAL INFORMATION
fixed length control field 190124b ||||| |||| 00| 0 eng d
020 ## - INTERNATIONAL STANDARD BOOK NUMBER
International Standard Book Number 978-02-7644338-1
040 ## - CATALOGING SOURCE
Transcribing agency DLC
082 ## - DEWEY DECIMAL CLASSIFICATION NUMBER
Classification number 909
Author Mark HOW
245 ## - TITLE STATEMENT
Title How it all Started the History behind the Way our World Works Today /
Statement of responsibility, etc. Asa Briggs
260 ## - PUBLICATION, DISTRIBUTION, ETC.
Place of publication, distribution, etc. London
Name of publisher, distributor, etc. The Reader's Digest Association Limited
Date of publication, distribution, etc. 2010.
300 ## - PHYSICAL DESCRIPTION
Extent 320p.
Dimensions 25 cm.
942 ## - ADDED ENTRY ELEMENTS (KOHA)
Source of classification or shelving scheme
Koha item type Book
Holdings
Withdrawn status Lost status Source of classification or shelving scheme Damaged status Not for loan Permanent Location Current Location Date acquired Total Checkouts Full call number Barcode Date last seen Date last checked out Price effective from Koha item type
          Central Library (CL) Central Library (CL) 01/24/2019 4 909 HOW NIT-8947 10/13/2025 09/24/2025 01/24/2019 Book
© 2023 Central Library, National University of Sciences and Technology. All Rights Reserved.